<?xml version="1.0" encoding="UTF-8"?>
<record
    xmlns:xsi="http://www.w3.org/2001/XMLSchema-instance"
    xsi:schemaLocation="http://www.loc.gov/MARC21/slim http://www.loc.gov/standards/marcxml/schema/MARC21slim.xsd"
    xmlns="http://www.loc.gov/MARC21/slim">

  <leader>01201nab a2200301 uc4500</leader>
  <controlfield tag="001">780493</controlfield>
  <controlfield tag="005">20241024091335.0</controlfield>
  <controlfield tag="008">021016e20001216                    spa  </controlfield>
  <datafield tag="035" ind1=" " ind2=" ">
    <subfield code="a">780493</subfield>
  </datafield>
  <datafield tag="035" ind1=" " ind2=" ">
    <subfield code="a">(OCoLC)819993237</subfield>
  </datafield>
  <datafield tag="040" ind1=" " ind2=" ">
    <subfield code="c">comduadb</subfield>
  </datafield>
  <datafield tag="041" ind1=" " ind2=" ">
    <subfield code="a">spa</subfield>
  </datafield>
  <datafield tag="100" ind1="1" ind2="0">
    <subfield code="a">Hoz Manotas, Mayra de la</subfield>
    <subfield code="4">aut</subfield>
    <subfield code="e">aut</subfield>
    <subfield code="9">524947</subfield>
  </datafield>
  <datafield tag="245" ind1="1" ind2="4">
    <subfield code="a">Las reglas se cumplen pero no se entienden : normas de disciplina en la familia y la escuela presentes en la actividad escolar de los alumnos de tercer grado de basica primaria de la escuela No 20 del municipio de Soledad</subfield>
  </datafield>
  <datafield tag="650" ind1=" " ind2="7">
    <subfield code="a">Educaci&#xF3;n primaria</subfield>
    <subfield code="2">lemb</subfield>
    <subfield code="9">43723</subfield>
  </datafield>
  <datafield tag="650" ind1=" " ind2=" ">
    <subfield code="a">Normas</subfield>
    <subfield code="9">376</subfield>
  </datafield>
  <datafield tag="650" ind1=" " ind2=" ">
    <subfield code="a">Normatividad (Educaci&#xF3;n)</subfield>
    <subfield code="9">21290</subfield>
  </datafield>
  <datafield tag="650" ind1=" " ind2="7">
    <subfield code="a">Disciplina</subfield>
    <subfield code="2">lemb</subfield>
    <subfield code="9">5455</subfield>
  </datafield>
  <datafield tag="650" ind1=" " ind2="7">
    <subfield code="a">Disciplina escolar</subfield>
    <subfield code="2">lemb</subfield>
    <subfield code="9">43176</subfield>
  </datafield>
  <datafield tag="650" ind1=" " ind2="7">
    <subfield code="a">Familia y ense&#xF1;anza</subfield>
    <subfield code="2">embne</subfield>
    <subfield code="9">56620</subfield>
  </datafield>
  <datafield tag="650" ind1=" " ind2=" ">
    <subfield code="a">Psicolog&#xED;a del desarrollo</subfield>
    <subfield code="9">43463</subfield>
  </datafield>
  <datafield tag="650" ind1=" " ind2="7">
    <subfield code="a">Desarrollo cognitivo</subfield>
    <subfield code="2">embne</subfield>
    <subfield code="9">1813</subfield>
  </datafield>
  <datafield tag="650" ind1=" " ind2=" ">
    <subfield code="a">Psicolog&#xED;a y educacion</subfield>
    <subfield code="9">94300</subfield>
  </datafield>
  <datafield tag="650" ind1=" " ind2=" ">
    <subfield code="a">Reglamentos estudiantiles</subfield>
    <subfield code="9">77127</subfield>
  </datafield>
  <datafield tag="700" ind1="1" ind2="0">
    <subfield code="a">James Bryan, Filiphia</subfield>
    <subfield code="4">aut</subfield>
    <subfield code="e">aut</subfield>
    <subfield code="9">362761</subfield>
  </datafield>
  <datafield tag="773" ind1="0" ind2=" ">
    <subfield code="t">Psicogente (Barranquilla)</subfield>
    <subfield code="g">N&#xFA;mero 06, Diciembre 2000, p. 13-18</subfield>
    <subfield code="w">653468</subfield>
    <subfield code="x">0124-0137</subfield>
    <subfield code="0">192770</subfield>
  </datafield>
  <datafield tag="942" ind1=" " ind2=" ">
    <subfield code="c">ARIMP</subfield>
  </datafield>
  <datafield tag="999" ind1=" " ind2=" ">
    <subfield code="c">265012</subfield>
    <subfield code="d">265012</subfield>
  </datafield>
</record>
